Ley, evangelio y derecho canónico en Francisco de Vitoria
Uloženo v:
| Hlavní autor: | |
|---|---|
| Médium: | Kniha |
| Jazyk: | španělština |
| Vydáno: |
Salamanca
Universidad Pontificia Salamanca
1981
|
| Edice: | Bibliotheca Oecumenica Salmanticensis, 7
|
| Témata: | |
| Tagy: |
Přidat tag
Žádné tagy, Buďte první, kdo vytvoří štítek k tomuto záznamu!
|
MARC
| LEADER | 00000nam a2200000 a 4500 | ||
|---|---|---|---|
| 001 | UCM3364 | ||
| 003 | CL-VaPUC | ||
| 008 | 020705e19810000SP |||||||||||||||||spa|d | ||
| 082 | 0 | 4 | |a 262.9 |b LOP |2 21 |
| 100 | |a López Hernández, Carlos |e autor |9 768763 | ||
| 245 | 1 | 0 | |a Ley, evangelio y derecho canónico en Francisco de Vitoria |
| 300 | |a 199 p | ||
| 942 | |c BK | ||
| 945 | |d 20020705 00:00:00 |a cmena | ||
| 260 | |a Salamanca |b Universidad Pontificia Salamanca |c 1981 | ||
| 600 | 0 | 7 | |a VITORIA, FRANCISCO DE |2 CL-VaPUC |9 255729 |
| 650 | 7 | |a DERECHO CANONICO |2 CL-VaPUC |9 470100 | |
| 650 | 0 | |a Textos sagrados |9 257605 | |
| 650 | 7 | |a FILOOFIA CRISTIANA |2 CL-VaPUC |9 470101 | |
| 650 | 0 | |a Teología |9 258766 | |
| 583 | |a last modification |c 20020705 00:00:00 |k Rodrigo Vera | ||
| 490 | 0 | |a Bibliotheca Oecumenica Salmanticensis, 7 | |
| 999 | |c 300736 |d 300734 | ||
| 952 | |0 0 |1 0 |4 0 |6 262_900000000000000_LOP_1981 |7 0 |8 DER_HDC |9 358954 |a BIBDER |b BIBDER |d 2019-11-21 |i 3815927 |o 262.9 LOP 1981 |p 3815927 |r 2023-01-25 |w 2019-11-21 |x Ubicación 4to Piso |y BK |z Estos recursos deben solicitarse con anticipación |k DER | ||
| 952 | |0 0 |1 0 |4 0 |6 262_900000000000000_LOP_1981 |7 0 |8 A |9 358955 |a BIBTEO |b BIBTEO |d 2019-11-21 |i 2095564 |o 262.9 LOP 1981 |p 2095564 |r 2025-01-17 |w 2019-11-21 |y BK |k ICR | ||